Applied statistics and probability for engineers
Bewaard in:
| Hoofdauteur: | |
|---|---|
| Formaat: | Boek |
| Taal: | Undetermined |
| Gepubliceerd in: |
Singapore
Jonh Wiley & Sons, Inc.
2003
|
| Onderwerpen: | |
| Tags: |
Voeg label toe
Geen labels, Wees de eerste die dit record labelt!
|
| Thư viện lưu trữ: | Trung tâm Học liệu Trường Đại học Cần Thơ |
|---|
| LEADER | 00542nam a2200181Ia 4500 | ||
|---|---|---|---|
| 001 | CTU_211662 | ||
| 008 | 210402s9999 xx 000 0 und d | ||
| 082 | |a 519.5 | ||
| 082 | |b M787 | ||
| 100 | |a Montgomery, Douglas C. | ||
| 245 | 0 | |a Applied statistics and probability for engineers | |
| 245 | 0 | |c Douglas C. Montgomery, George C. Runger | |
| 260 | |a Singapore | ||
| 260 | |b Jonh Wiley & Sons, Inc. | ||
| 260 | |c 2003 | ||
| 650 | |a Statistics,Probabilities | ||
| 904 | |i Vương | ||
| 980 | |a Trung tâm Học liệu Trường Đại học Cần Thơ | ||